000 00761nam a22002177a 4500
999 _c2899
_d2899
003 AR-CdUCM
008 190305b ||||| |||| 00| 0 spa d
040 _aMUNICIPALIDAD PROVINCIAL DEL CUSCO
_cBIBLIOTECA MUNICIPAL DEL CUSCO
082 _a985.63 /
_bC69
110 _aCoordinación intercentros de investigación,desarrollo y educación-COINCIDE
_99982
245 _aLa cuenca del Vilcanota y sus áreas de influencia /
260 _aCusco :
_bImprenta Amauta,
_c1998.
300 _a85 paginas ;
_c30 cm.
505 _aContenido :Territorio --Sociedad --Economía --Organización espacial /
650 _aGeopolítica
_98326
650 _aCusco
_9772
650 _aEconomia
_9382
650 _aOrganización
_94866
942 _2ddc
_cLIBROS
945 _arjall